00547nam a2200181Ia 45000010005000000030004000050050017000090080041000260400033000670820023001001100075001232450050001982600019002486500043002679010027003109420013003379990015003501243OSt20250314154855.0241024s9999 dr ad o001 0 spa d aCGID0010bspacCGID0010erda04aRD/028.9/M294b221 aRepública Dominicana : Biblioteca Nacional Pedro Henríquez Ureña 0aManual de Promoción y Fomento de la Lectura bEd. Buhoc2010 a1-Promoción 2- Fomento de la Lectura a3/3/2011 10:45:19 a.m. 2ddccLIB c9968d9968